| 000 | 01045nam a2200277 i 4500 | ||
|---|---|---|---|
| 001 | 180123 | ||
| 003 | ES-MaACL | ||
| 005 | 20250726044803.0 | ||
| 008 | 120419s2010 sp acop |||| |bspa d | ||
| 020 | _a978-84-614-6308-4 | ||
| 080 | _a821.134.2-14"19" | ||
| 080 | _a929Segismundo de Santibáñez | ||
| 100 | 0 |
_aSegismundo de Santibáñez _c(O.F.M.), _d1913-1990 _9149838 |
|
| 245 | 1 | 0 |
_aSegismundo de Santibáñez _b: un poeta del pueblo / _cDomingo del Prado [recopilador]. |
| 250 | _a1ª ed. | ||
| 260 |
_aLa Bañeza (León) : _bMonte Riego, _c2010. |
||
| 300 |
_a241 p. : _bil., fot. ; _c24 cm. |
||
| 505 | 8 | _aContiene: Biografía - Antología poética | |
| 600 | 0 | 7 |
_aSegismundo de Santibáñez _c(O.F.M.), _d1913-1990 _2 _9149838 |
| 700 | 1 |
_aPrado, Domingo del. _9149837 |
|
| 710 | 2 |
_aFundación Conrado Blanco. _94256 |
|
| 852 |
_aES-MaACL _jA-12062 _9187033 _bR.146809 _cDEPO1 _dOlim: N-5067 _xDonación: Conrado Blanco |
||
| 903 |
_929262 _aBlanco González, Conrado _ednr |
||
| 942 |
_2udc _cMONOGRAFIA |
||
| 999 |
_c180123 _d180123 |
||